[Event "Corus"]
[Site "Wijk aan Zee"]
[Date "2002.01.20"]
[Round "7"]
[White "Khalifman, Alexander"]
[Black "Van Wely, Loek"]
[Result "1-0"]
[WhiteElo "2688"]
[BlackElo "2697"]
[Annotator "Ftacnik,L"]
[PlyCount "63"]
[EventDate "2002.01.12"]
[EventType "tourn"]
[EventRounds "13"]
[EventCountry "NED"]
[EventCategory "18"]
[SourceTitle "CBM 087"]
[Source "ChessBase"]
[SourceDate "2002.03.21"]
[SourceVersion "1"]
[SourceVersionDate "2002.03.21"]
[SourceQuality "1"]

1. e4 {Ernst} c5 2. Nf3 d6 3. d4 cxd4 4. Nxd4 Nf6 5. Nc3 a6 6. f3 e6 7. Be3 h5
$5 {'?' Ernst. Ernst: 'Why does van Wely avoid the main line? The text is an
unneccessary weakening.'} 8. Qd2 Nbd7 9. Bc4 Ne5 (9... b5 10. Bxe6 $1 fxe6 11.
Nxe6 Qa5 12. b4 Qxb4 13. Nc7+ Kd8 14. Nxa8 $18) 10. Bb3 b5 11. O-O-O Bb7 12.
Bg5 {Exactly this represents the adverse side of an h7-h5 idea, black has no
chance to expell the bishop from the g5 square. Ernst: 'Now various sacrifices
are in the air.'} Qa5 (12... Be7 13. f4 (13. Rhe1 b4 14. Nce2 Qa5 $13) 13...
Nc4 14. Bxc4 bxc4 15. e5 dxe5 16. fxe5 Ng4 17. Bf4 Rb8 $13) 13. Kb1 Nc4 (13...
b4 {Ernst} 14. Ba4+ $1 (14. Nce2 {Ernst} Rc8 15. h4 (15. Nf4 {Ernst} Nc4 16.
Bxc4 Qxg5 $15) 15... Be7 16. Nf4 Nc4 17. Bxc4 Rxc4 $13) 14... Nfd7 (14... Ned7
{Ernst} 15. Nb3 bxc3 16. Nxa5 cxd2 17. Nxb7 Rb8 18. Bc6 $16) 15. Nb3 $1 bxc3
16. Nxa5 cxd2 17. Nxb7 Rb8 18. Na5 $16) 14. Bxc4 bxc4 15. Rhe1 $1 Rb8 (15...
Be7 16. f4 (16. e5 dxe5 17. Nxe6 fxe6 18. Bxf6 gxf6 19. Qd7+ Kf7 20. Qxb7 Rab8
$19) (16. Bxf6 {Ernst} gxf6 $1 (16... Bxf6 {Ernst} 17. Nxe6 fxe6 18. Qxd6 Qd8
19. Qxe6+ Qe7 20. Qxc4 Bxc3 21. Qxc3 (21. Qa4+ $6 {Ernst} Kf8 22. bxc3 $14)
21... O-O $16 {White has 4 pawns for a bishop and the attack.}) 17. Qe2 Rc8 18.
f4 Rg8 19. g3 $14 {White has a slight positional advantage.}) (16. Nf5 $2 {
Ernst} exf5 17. exf5 Rd8 $17) 16... Rb8 17. f5 $14) 16. Nf5 $1 {Ernst: 'This
sacrifice totally destroys the black bastions.'} exf5 (16... Bc6 17. Nxd6+ Bxd6
18. Qxd6 Qb6 19. Bc1 $16) 17. e5 $1 {[%mdl 128] The point of the refreshing
Khalifman's combination, black will succumb due to the poorly developed pieces.
} (17. exf5+ Kd7 18. Bxf6 gxf6 19. Qd4 Qxf5 $17) 17... Bc8 {'?' Ernst. Ernst:
'This loses at once.'} (17... dxe5 $2 18. Bxf6 Bc5 19. Bxg7 $18) (17... Nh7 18.
exd6+ Kd7 19. Be7 (19. Re7+ Bxe7 20. dxe7+ Bd5 21. Qxd5+ (21. Qe3 {Ernst} Qb4
22. Rxd5+ Kc6 $17) 21... Qxd5 22. Rxd5+ Ke6 23. Bf4 Nf6 (23... Rbc8 {Ernst} 24.
Re5+ Kd7 25. Nd5 (25. Na4 {Ernst} Rc6 26. Nc5+ Ke8 27. Rxf5 Kxe7 28. Rxh5 $14)
25... Rc6 26. Kc1 $14 {The king's attack continues in the ending and white
keeps a slight edge although an exchange down for a pawn.} (26. Rxf5 {Ernst}
Nf6 27. Bg5 Nxd5 28. Rxd5+ Rd6 $15)) 24. Re5+ Kd7 25. Na4 Rhe8 $11) 19... Bc6 (
19... Qb4 20. Bxf8 Rhxf8 21. a3 Qb6 22. Re7+ Kd8 23. Na4 Qb5 24. Qe3 Bc6 25.
Rc7 $16) 20. Bxf8 Nxf8 21. Re7+ Kd8 22. Qg5 $18) (17... Kd7 18. exf6 g6 19. Qd4
$16) (17... Nd5 18. Nxd5 Qxd2 19. Rxd2 Bxd5 20. Rxd5 $16) 18. exf6+ Be6 (18...
Kd7 {Ernst} 19. fxg7 Qb4 20. gxf8=N+ Rxf8 21. Re7+ {This leads to a forced
mate.}) 19. fxg7 $1 (19. Qd4 Qb6 20. Qxb6 Rxb6 21. Nd5 Rb7 22. Re3 $16) 19...
Bxg7 20. Qxd6 $1 {Ernst: 'Threatening mate.'} Rxb2+ $8 {Ernst: 'Now it's black
who comes an exchange down in the ending after a few further moves. The
counter-attack is easily parried.'} (20... Rb7 21. Qd8+ Qxd8 22. Rxd8#) 21.
Kxb2 Qxc3+ (21... Bxc3+ 22. Kc1 $18) 22. Kc1 Qb2+ 23. Kd2 Qd4+ (23... Bc3+ 24.
Ke2 Qxc2+ 25. Kf1 $18) (23... Bf6 24. Bxf6 Qxf6 25. Rb1 c3+ 26. Kd1 $18) 24.
Qxd4 Bxd4 25. Ke2 Bb6 (25... f6 26. Rxd4 fxg5 27. Rd6 Ke7 28. Rxa6 $18) (25...
Rg8 26. Rxd4 Rxg5 27. Kf2 $18) 26. Rb1 (26. Rd6 Bc7 27. Rxa6 $18) 26... Bc7 27.
Rb7 $1 {The endgame is easily won for white, but the convincing realisation
will shorten defender's suffering.} Bxh2 28. f4 O-O 29. Rh1 Bg3 30. Rxh5 Kg7
31. Bh6+ Kg6 32. Rg5+ 1-0

[Event "Bundesliga 0203"]
[Site "Germany"]
[Date "2003.03.29"]
[Round "14.5"]
[White "Sandipan, Chanda"]
[Black "Espig, Lutz"]
[Result "1-0"]
[WhiteElo "2510"]
[BlackElo "2425"]
[Annotator "Ftacnik,L"]
[PlyCount "71"]
[EventDate "2002.10.19"]
[EventType "team-tourn"]
[EventRounds "15"]
[EventCountry "GER"]
[SourceTitle "CBM 095"]
[Source "ChessBase"]
[SourceDate "2003.07.25"]
[SourceVersion "1"]
[SourceVersionDate "2003.07.25"]
[SourceQuality "1"]
[WhiteTeam "Solingen"]
[BlackTeam "Plauen"]
[WhiteTeamCountry "GER"]
[BlackTeamCountry "GER"]

1. e4 c5 2. Nf3 e6 3. d4 cxd4 4. Nxd4 Nf6 5. Nc3 d6 6. Be3 a6 7. f3 Be7 8. Qd2
b5 9. g4 Bb7 10. O-O-O Nfd7 11. Nce2 Nc6 12. Nxc6 Bxc6 13. g5 Rc8 14. Nd4 Bb7
15. h4 Ne5 16. Qg2 Nc4 17. Bxc4 Rxc4 18. h5 Qc8 {Espig wants to keep e6 square
defended, but the queen on c8 is not properly placed and will have to move
again.} (18... d5 19. g6 $1 Bf6 20. f4 dxe4 21. Nxe6 Qc8 22. gxf7+ Kxf7 23. f5
$14) (18... Qc7 $5 19. g6 Bf6 $13) 19. g6 Bf6 (19... hxg6 $2 20. hxg6 Rxh1 21.
Rxh1 Bf8 22. gxf7+ Kxf7 23. Rh8 $18) 20. Kb1 (20. gxf7+ Kxf7 21. Kb1 d5 $13)
20... fxg6 $6 {Dubious strategic solution, since the black king will never
feel really safe on g8 due to semiopen h file.} (20... d5 $5 21. exd5 Bxd5 22.
gxh7 Qc7 23. h6 g6 24. Rd3 Rxh7 25. Qd2 $13) 21. hxg6 h6 22. Rh5 O-O 23. Nb3
Qc7 (23... d5 24. e5 Bd8 25. Bxh6 $1 $18) 24. Qh3 Bc8 (24... e5 $2 25. Qe6+ Kh8
26. Bxh6 $18) 25. Qh2 Be5 (25... e5 26. Qd2 Be7 (26... Rd8 27. Qd5+ Kf8 28. Bb6
$18) 27. Qd5+ Kh8 28. Rg1 $18) 26. f4 $1 {[%mdl 128] Sandipan starts the
attack in the center, since black pieces are tied down with defensive tasks.}
Rxe4 (26... Bf6 27. e5 Be7 (27... dxe5 28. fxe5 Bd8 29. Bxh6 gxh6 30. Rxh6 $18)
28. Bb6 $3 (28. Rxh6 gxh6 29. Qxh6 Bd8 30. g7 Qxg7 31. Rg1 Qxg1+ 32. Bxg1 Rcxf4
33. Qg6+ Kh8 34. exd6 Rf1+ 35. Nc1 $14) 28... Qd7 29. exd6 Rc6 30. Nc5 Rxd6 31.
Rc1 Qe8 32. Rxh6 $18) 27. fxe5 Rxe3 28. exd6 Qb7 (28... Qd7 29. Nc5 Qa7 30.
Rxh6 gxh6 31. Qxh6 Re1 32. Rxe1 Qg7 33. Qh1 Rd8 34. Rd1 $18) 29. d7 Bxd7 (29...
Qxd7 30. Rxd7 Re1+ 31. Nc1 Bxd7 32. Rxh6 gxh6 33. Qxh6 $18) 30. Rxh6 $1 {
One way or the other this blow on the square h6 was bound to come, black king
will feel very unsecure.} (30. Qd2 Rxb3 31. axb3 Be8 $14) 30... gxh6 31. Qxh6
Be8 32. Qxe3 Bxg6 (32... Rf6 33. Rd8 Qe7 34. Ra8 Rxg6 35. Rxa6 $16) 33. Rg1 Rf6
(33... Kf7 34. Nd4 Qd5 35. b3 $16) 34. Nc5 Qb6 $2 (34... Qf7 35. Qd3 Kf8 36.
Qd6+ Kg8 37. Qb8+ Kg7 38. Qe5 $16) 35. Qe5 Qd8 (35... Kf7 36. Qxf6+ Kxf6 37.
Nd7+ $18) 36. Ne4 1-0

[Event "HUN-ch 56th"]
[Site "Szekesfehervar"]
[Date "2006.03.02"]
[Round "2"]
[White "Almasi, Zoltan"]
[Black "Szabo, Krisztian"]
[Result "1-0"]
[WhiteElo "2646"]
[BlackElo "2447"]
[Annotator "Ftacnik,L"]
[PlyCount "49"]
[EventDate "2006.03.01"]
[EventType "tourn"]
[EventRounds "9"]
[EventCountry "HUN"]
[EventCategory "13"]
[SourceTitle "CBM 112"]
[Source "ChessBase"]
[SourceDate "2006.06.07"]
[SourceVersion "1"]
[SourceVersionDate "2006.06.07"]
[SourceQuality "1"]

1. e4 c5 2. Nf3 d6 3. d4 cxd4 4. Nxd4 Nf6 5. Nc3 a6 6. f3 e6 7. Be3 Nc6 8. Qd2
Be7 9. O-O-O O-O 10. g4 Nxd4 11. Qxd4 b5 12. g5 Nd7 13. h4 Bb7 14. Kb1 Ne5 (
14... Rc8 15. h5 (15. Qd2 b4 16. Ne2 Ne5 17. Nd4 d5 18. Qg2 dxe4 19. fxe4 Rc7
20. h5 Qa8 21. Bd3 $14 {1-0 Rodriguez,A (2490)-Slipak,S (2520)/Salta 1995/ (33)
}) 15... Bxg5 16. Bxg5 Qxg5 17. h6 Qf6 18. hxg7 Rfd8 19. Qf2 b4 20. Bd3 bxc3
21. Rxh7 Ne5 22. Rdh1 Qf4 23. Qg2 Ng6 24. e5 dxe5 25. Bxg6 {1-0 Rodriguez,A 
(2575)-Sanchez Almeyra,J (2445)/Rosario 1996/}) 15. f4 Ng4 {The black knight
is sometimes stopping the attack from the square h5 in English attack, the
location on g4 is risky and rare.} (15... Nc6 16. Qd2 Rc8 17. Qf2 Qc7 18. Bg2
Rfe8 19. h5 Bf8 20. g6 fxg6 21. hxg6 h6 22. Bb6 Qe7 23. f5 $16 {1/2 Llobel
Cortell,E (2400)-Tissir,M (2442)/La Roda 2004/ (31)}) 16. Bc1 f5 (16... h5 $5
17. gxh6 Nxh6 18. Rg1 Bf6 19. Qb4 Qb6 20. Bh3 $14) 17. Rg1 (17. Be2 e5 18. fxe5
Nxe5 19. Rhf1 fxe4 20. Nd5 Re8 21. Bf4 Nf3 22. Bxf3 exf3 23. Rxf3 Rc8 24. Re3
$16) 17... e5 $2 {[%mdl 16] The pseudoactive move suffers from a terrible flaw,
as it undermines the base of it´s own knight on g4!} (17... Rc8 18. exf5 exf5
19. Be2 d5 20. Bxg4 Bc5 21. Qd3 fxg4 22. Rxg4 Qd7 $14) 18. Qd2 Qb6 (18... exf4
19. Qxf4 Ne5 20. exf5 Ng6 21. Qf2 Qc8 22. Bh3 $18) (18... Rc8 19. exf5 b4 20.
Nd5 $18) 19. exf5 $1 {The fight is effectively over, the knight will die
heroic death.} Nf2 (19... h5 20. Nd5 Qxg1 21. Nxe7+ Kh7 22. Qxd6 $18) 20. Nd5
Bxd5 21. Qxd5+ Kh8 22. Re1 Ne4 (22... Nd1 23. Bd3 $18) 23. Qxe4 Qxg1 24. Bd3 d5
(24... Qa7 25. f6 g6 26. h5 $18) 25. Qxe5 1-0

[Event "Yongchuan zt 3.3"]
[Site "Yongchuan"]
[Date "2003.07.16"]
[Round "5"]
[White "Ye, Jiangchuan"]
[Black "Xu, Jun"]
[Result "1-0"]
[WhiteElo "2683"]
[BlackElo "2626"]
[Annotator "Ftacnik,L"]
[PlyCount "51"]
[EventDate "2003.07.11"]
[EventType "tourn"]
[EventRounds "11"]
[EventCountry "CHN"]
[EventCategory "12"]
[SourceTitle "CBM 097"]
[Source "ChessBase"]
[SourceDate "2003.11.11"]
[SourceVersion "1"]
[SourceVersionDate "2003.11.11"]
[SourceQuality "1"]

1. e4 c5 2. Nf3 d6 3. d4 cxd4 4. Nxd4 Nf6 5. Nc3 a6 6. Be3 e6 7. f3 Be7 8. Qd2
O-O 9. O-O-O Nc6 10. g4 Nxd4 11. Bxd4 b5 12. g5 Nd7 13. h4 b4 14. Na4 Qa5 15.
b3 Nc5 16. Bxc5 dxc5 17. Qf4 Ra7 18. Kb1 Rd7 19. Bc4 Rfd8 {Black has reasons
to believe, that the bishop pair will compensate for a mild white's activity
on the kingside.} (19... Rd4 20. Rxd4 cxd4 21. e5 Bd7 22. Nb2 Bb5 23. Qxd4 Rd8
24. Qe4 Qb6 25. Bxb5 axb5 26. Nd3 {1/2-1/2 Inkiov,V-Vera,R/Varna 1986/ (39)})
20. Rxd7 Bxd7 (20... Rxd7 21. Qb8 (21. h5 $2 Qd8 $17) 21... Qc7 22. Qxc7 Rxc7
23. c3 $11) 21. h5 Bxa4 22. g6 $1 Bf6 $1 (22... Be8 23. h6 $1 fxg6 (23... gxh6
24. Qxh6 $18) 24. Qe5 (24. Bxe6+ Kh8 25. hxg7+ Kxg7 26. Qh6+ Kf6 27. Bc4 Qc7
28. f4 $18) 24... Bf6 25. Qxe6+ Kf8 26. e5 $18) 23. gxh7+ Kh8 (23... Kxh7 $5
24. h6 Kg8 25. hxg7 (25. e5 Qc7 26. hxg7 Bxg7 27. Qg5 Kf8 28. bxa4 Rd4 $17)
25... Bxg7 26. bxa4 (26. Rg1 Kf8 27. bxa4 b3 $1 28. Bxe6 bxa2+ 29. Bxa2 c4 $19)
26... Rd4 (26... b3 27. axb3 Qc3 28. e5 $14) 27. Be2 $11) 24. h6 Qb6 (24... Bb5
25. e5 (25. Rg1 Bxc4 (25... Rd7 26. e5 (26. hxg7+ Bxg7 27. Qg3 f6 28. Bxe6 Qc7
$15) 26... Qc7 27. exf6 g6 28. Qxc7 Rxc7 $15) 26. hxg7+ Bxg7 27. Qxf7 $18)
25... Rd4 26. exf6 g6 27. Qb8+ Qd8 28. Qa7 $11) 25. e5 (25. bxa4 Qd6 26. Qxd6
Rxd6 27. hxg7+ Bxg7 28. a5 $14) 25... Qc7 $4 {[%mdl 8192] Horrible blunder
punishable by the immediate mate, after the best move 25...Bb5 black was still
fine.} (25... Bb5 26. hxg7+ Bxg7 27. Rg1 Qb8 28. Rxg7 Rd1+ 29. Kb2 Kxg7 30.
Qf6+ Kxh7 31. Qxf7+ Kh6 32. Qf6+ Kh7 (32... Kh5 $2 33. Bxe6 $18) 33. Qf7+ $11)
26. exf6 (26. exf6 Rd1+ 27. Kb2 Qxf4 28. hxg7#) 1-0

[Event "EU-ch 6th"]
[Site "Warsaw"]
[Date "2005.06.27"]
[Round "9"]
[White "Lopez Martinez, Josep Manuel"]
[Black "Babujian, Levon"]
[Result "1-0"]
[WhiteElo "2488"]
[BlackElo "2386"]
[Annotator "Ftacnik,L"]
[PlyCount "57"]
[EventDate "2005.06.18"]
[EventType "swiss"]
[EventRounds "13"]
[EventCountry "POL"]
[SourceTitle "CBM 108"]
[Source "ChessBase"]
[SourceDate "2005.09.26"]
[SourceVersion "1"]
[SourceVersionDate "2005.09.26"]
[SourceQuality "1"]

1. e4 c5 2. Nf3 d6 3. d4 cxd4 4. Nxd4 Nf6 5. Nc3 a6 6. Be3 Nc6 7. f3 e6 8. Qd2
Be7 9. O-O-O O-O 10. g4 Nxd4 11. Bxd4 b5 12. Kb1 Bb7 13. h4 b4 14. Na4 $146 {
Technically a novelty, but the knight has no plans to rest on the kingside.
Via the sqaure b6 it can quickly jump to the center of the fight.} Bc6 (14...
Nd7 $5 15. Nb6 Rb8 $13) 15. Nb6 Rb8 16. Nc4 d5 $6 {Babujian did not really
appreciate, how dangerous it is to help improve the location of white knight.}
(16... Nd7 17. g5 d5 $13) 17. Ne5 Bb7 18. g5 Ne8 (18... Nd7 19. g6 hxg6 20. h5
$40) 19. Rg1 Nd6 (19... dxe4 20. h5 exf3 21. g6 $1 $16) 20. g6 $1 hxg6 $2 {
[%mdl 128] This move puts black into critical sitiation, since white's attack
will advance with a ferrocious speed.} (20... fxg6 21. Bh3 Qc8 22. h5 g5 23.
Be3 $14) 21. h5 g5 (21... dxe4 22. hxg6 fxg6 23. Qh2 $18) (21... gxh5 $2 22.
Nc6 $18) 22. h6 $1 Bf6 (22... gxh6 $2 23. Ng4 h5 (23... f6 24. Nxh6+ Kh7 25.
Qh2 Kg6 26. Rh1 Rh8 27. Qh5+ Kg7 28. e5 $18) 24. Qh2 h4 25. Qe5 f6 26. Qxe6+
Kh7 (26... Kg7 27. Nxf6 Bxf6 28. e5 $18) 27. Bd3 $18) (22... f6 23. hxg7 Re8 (
23... Kxg7 24. Nc6 $18) 24. Qh2 fxe5 25. Qh8+ Kf7 26. Qh5+ Kg8 27. Rh1 $18) 23.
hxg7 (23. Nd7 $1 Bxd4 (23... Qxd7 24. hxg7 Bxg7 25. Bxg7 f6 26. Bxf6 Rxf6 27.
Qxg5+ Kf7 28. Qg7+ Ke8 29. Qxf6 $18) (23... e5 24. hxg7 Bxg7 (24... Re8 25.
Nxf6+ Qxf6 26. Bc5 $18) 25. Bxe5 $18) 24. Qxd4 gxh6 25. Nf6+ Kh8 26. Rh1 $18)
23... Kxg7 (23... Re8 24. Qh2 Bxg7 25. Rh1 f6 (25... Kf8 26. Nc6 Bxc6 27. Bxg7+
Ke7 28. e5 $18) 26. Qh7+ Kf8 27. Ng6+ Kf7 28. e5 $18) 24. Nc6 $1 {Lopez
Martinez have missed the spectacular solution 23.Nd7!, but the other jump of
his knight is decisive as well.} Bxd4 (24... Bxc6 25. Qxg5+ $18) 25. Qxd4+ (25.
Rxg5+ Kf6 26. Rg4 $18) 25... e5 26. Qxe5+ f6 27. Rxg5+ Kh6 (27... Kf7 28. Qxd5+
Ke8 29. Qe6+ $18) 28. Rh5+ Kg6 29. Qg3+ {White can even ignore the win of a
queen and strive for the immediate solution.} 1-0

[Event "YUG-chT"]
[Site "Tivat"]
[Date "1995.??.??"]
[Round "1"]
[White "Svidler, Peter"]
[Black "Shneider, Aleksandr"]
[Result "1-0"]
[WhiteElo "2635"]
[BlackElo "2530"]
[Annotator "Gagarin,V"]
[PlyCount "63"]
[EventDate "1995.??.??"]
[EventType "team-swiss"]
[EventRounds "11"]
[EventCountry "YUG"]
[SourceTitle "CBM 048 Extra"]
[Source "ChessBase"]
[SourceDate "1995.11.01"]
[SourceVersion "1"]
[SourceVersionDate "1995.11.01"]
[SourceQuality "1"]

1. e4 c5 2. Nf3 d6 3. d4 cxd4 4. Nxd4 Nf6 5. Nc3 a6 6. Be3 e6 7. a4 b6 (7...
Nc6) 8. g4 $5 $146 (8. Bd3) (8. f4) (8. a5) (8. f3 $146 Qc7 9. g4 h6 10. Bg2
Bb7 11. f4 Nc6 $13 {DeFirmian,N-Browne,W/USA/1995/0,5/41/}) 8... e5 $6 (8...
Bb7 $5 9. Bg2 d5 10. e5 Nfd7 11. f4 Nc6 12. O-O Nxd4 13. Bxd4 Bc5 14. Ne2 O-O
$13 {Smirin,I-Yudasin,L/ISR/1995/0,5/17/}) (8... h6 $5) 9. Nf5 g6 10. Bg2 $1
Bb7 (10... gxf5 $5 11. exf5 Ra7 12. a5 $1 Nbd7 13. g5 $44 {|^/}) 11. Ng3 h5 12.
g5 Nfd7 13. h4 $14 {>< d5/} Nc6 14. O-O Rc8 15. Bh3 Na5 $6 (15... Nb4 $5 16.
Qd2 Rc6 17. Rad1 Bg7 18. Nd5 Nxd5 19. Qxd5 $14 (19. exd5 Rc4 $5 $13)) 16. Nd5
$1 $16 Bxd5 17. Qxd5 Nc4 $6 (17... Be7 $5 18. f4 Nc4 $1 (18... Rxc2 $2 19. f5
$1 $18 {->/} (19. Bxd7+ $6 Qxd7 20. fxe5 $2 (20. f5 $1) 20... Qh3 $1 $132)) 19.
fxe5 (19. Bc1 $6 exf4 20. Rxf4 Nce5 21. Rf2 O-O $14) 19... Ncxe5 20. Rf2 O-O
21. Raf1 $16 {/\ Bd4/}) (17... Rxc2 $2 18. b4 $1 Nc4 19. Rac1 Rxc1 (19... Nxe3
$2 20. fxe3 $18) 20. Rxc1 Nxe3 21. fxe3 $18 {/\ Qb7/}) 18. Bc1 Be7 19. b3 Na5
20. Ba3 Qc7 21. Rad1 Nb7 22. f4 $1 $18 exf4 23. Rxf4 O-O 24. Nxh5 $2 $40 (24.
Rdf1 $1 Nd8 $8 25. Bb2 $1 {/\ Qd4/} (25. e5 $2 Nxe5 $1 $16) 25... Rb8 26. Bxd7
Qxd7 27. Qd4 $18) 24... gxh5 25. g6 Ne5 $2 (25... Nf6 $1 26. Qg5 Qxc2 27. Rdf1
Qc3 $8 28. gxf7+ Kxf7 (28... Kh7 $4 29. Bf5+ $18) 29. Qxh5+ Kg7 30. Qg5+ Kf7
$13) 26. gxf7+ Rxf7 $6 (26... Nxf7 $2 27. Rd2 $1 $18) (26... Kh7 $5 27. Bf5+
Kg7 28. Bxc8 Qxc8 (28... Rxc8 $2 29. Rd2 Nc5 30. Rg2+ Kh7 31. f8=Q $1 Rxf8 32.
Rxf8 Bxf8 33. Qg8+ Kh6 34. Bc1#) 29. Rd2 Rxf7 30. Rxf7+ Nxf7 31. Rg2+ Kf8 32.
Qxh5 $16) 27. Rxf7 Nxf7 28. Qe6 $1 $18 Qxc2 (28... Re8 29. Rf1 Rf8 30. Qg6+ Kh8
31. Bb2+ $1 Ne5 32. Qh6+ Kg8 33. Be6+ $18) (28... Ra8 29. Rf1 Bf8 30. Qg6+ Bg7
31. Rxf7 $1 Qxf7 32. Be6 Rf8 33. Bb2 $18) 29. Qxc8+ Qxc8 30. Bxc8 Nc5 31. Bxc5
dxc5 32. Be6 1-0

[Event "Bermuda"]
[Site "Bermuda"]
[Date "2004.01.17"]
[Round "3"]
[White "Iordachescu, Viorel"]
[Black "Gelfand, Boris"]
[Result "0-1"]
[WhiteElo "2634"]
[BlackElo "2709"]
[Annotator "Gelfand,B"]
[PlyCount "80"]
[EventDate "2004.01.15"]
[EventType "tourn"]
[EventRounds "10"]
[EventCountry "BER"]
[EventCategory "16"]
[SourceTitle "CBM 099"]
[Source "ChessBase"]
[SourceDate "2004.03.30"]
[SourceVersion "1"]
[SourceVersionDate "2004.03.30"]
[SourceQuality "1"]

1. e4 {Ftacnik} c5 2. Nf3 d6 3. d4 cxd4 4. Nxd4 Nf6 5. Nc3 a6 6. Be3 e6 7. f3
Nc6 8. Qd2 Be7 9. O-O-O O-O 10. g4 Nxd4 11. Bxd4 b5 12. g5 Nd7 13. h4 Qc7 14.
Kb1 b4 15. Na4 Bb7 16. Qxb4 Bc6 17. Nc3 Rfb8 18. Qc4 Ne5 19. Qe2 Bb5 $1 $146 {
Ftacnik: 'A sensible novelty in a moement, when black needs a good way to use
his pieces concentrated on the queenside.'} 20. Nxb5 (20. Qf2 Bxf1 21. Rhxf1
Nc4 (21... d5 22. exd5 Nc4 23. b3 e5 24. Be3 Na3+ 25. Kb2 Nc4+ $11) 22. b3 Rb4
23. f4 Rc8 $44) 20... axb5 21. c3 (21. b3 Nc4 22. c3 {-21.c3} (22. bxc4 $2
bxc4+ 23. Kc1 d5 $19)) (21. Qe3 $5 {Ftacnik} Rxa2 (21... Nc6 22. Qb3 Nxd4 23.
Rxd4 Ra5 24. Be2 $14) 22. Kxa2 Qxc2 23. Ba7 Ra8 24. Bxb5 Qc7 25. Kb1 (25. Rc1
Qa5+ 26. Kb1 Qxb5 $11) 25... Rxa7 26. Rc1 Qb7 27. f4 $14) 21... Nc4 $5 (21...
b4 $5 22. c4 (22. cxb4 Rxb4 23. b3 Nc4 $5 $40 (23... Qa5 24. Qb2 $1 (24. Rh2
Nc6 $44))) 22... Qa5 (22... b3 23. a3 $13) 23. b3 Nxc4 24. bxc4 b3 25. a3 Qxa3
(25... b2 26. Rd3) 26. Qb2 $13) (21... Qa5 22. b4 $1 Qa3 $140 23. Bxe5 dxe5 24.
Qb2) 22. b3 {'?!' Ftacnik. Ftacnik: 'Gelfand's initiative is annoying, but
white will have to make several small mistakes to fall into trouble.'} (22. Rg1
{Ftacnik} Qa5 23. a3 Qa4 $1 $44) 22... Qa5 {'!' Ftacnik.} 23. Rh2 (23. Rc1 {
'!?' Ftacnik.} e5 (23... b4 $5 24. cxb4 Na3+ 25. Ka1 Qxb4 26. Qb2 {Ftacnik} e5
27. Be3 $14) 24. Bf2 d5 25. exd5 (25. bxc4 b4 $3) 25... b4 $40) 23... e5 24.
Be3 Na3+ (24... d5 $5 25. Rxd5 Qxc3 26. Bc1 Ba3 27. Qc2 $5 Qxf3 28. Qd1 $13 (
28. Qd3 Qg4 29. Qd1 Qg1 $13)) 25. Kb2 Nc4+ 26. Kb1 Na3+ 27. Kb2 b4 {'!'
Ftacnik. Ftacnik: 'Black needs to open the files for an access to the white
king.'} 28. Rd5 $1 (28. cxb4 Rxb4 29. Qd2 Nc4+ 30. Bxc4 Qxa2+ 31. Kc1 (31. Kc3
Rxc4+ 32. Kxc4 Rc8+) 31... Rxc4+ 32. bxc4 Qa3+ 33. Kc2 Rb8 34. Qc3 Qa2+ 35. Kd3
Qxh2 $17) (28. c4 Nb5 $1 (28... Nxc4+ 29. Ka1) 29. Ra1 Nc3 30. Qd2 Qxa2+ 31.
Rxa2 Rxa2+ 32. Kc1 Ra1+ 33. Kc2 Rxf1 $40) 28... bxc3+ 29. Kc1 Qb4 (29... Qc7
30. h5) 30. Qd3 (30. h5 c2 31. Qd2 Qxb3 $3 32. axb3 Rxb3 33. Qe1 Rc8 34. Kd2
Nb1+ (34... Rxe3 35. Kxe3 c1=Q+ 36. Qxc1 Bxg5+ 37. Kf2 Bxc1 $11) 35. Kc1 Na3
$11) 30... Ra5 (30... c2 31. Qd2 Qb7 $13 (31... Qxb3 32. axb3 Rxb3 33. Qe1 Rc8
34. Kd2 c1=Q+ 35. Qxc1 Rxc1 36. Kxc1 $18)) 31. Rxa5 Qxa5 32. Qa6 $2 {Ftacnik:
'Iordachescu is nervous about black's attacking possibilities, but the
position was far from clear. The wandering of the queen will cause much harm
for white.'} (32. Qd5 $1 Qxd5 (32... Qb4 33. h5 c2 34. Qd2) 33. exd5 f5 (33...
Bd8 34. Bd3 Bb6 35. Re2) 34. gxf6 (34. Bd3 f4) 34... Bxf6 35. Bd3 $11) (32. h5
{'!' Ftacnik.} c2 $13 (32... Rb5 {Ftacnik} 33. Qd1 Rc5 $13)) 32... Qb4 33. Qa7
d5 $5 (33... Rb7 34. Qa8+ Bf8 35. h5 (35. Qc8 $5) 35... c2 36. Bd2 Qd4 37. Qxa3
Rc7 38. Bc4 Qg1+ 39. Kxc2 Qxh2 $13) 34. exd5 Bd6 35. h5 Nb5 (35... e4 36. Rh4 (
36. f4 Nb5)) 36. Qd7 $2 $138 (36. Bxb5 Qxb5 37. g6 $1 (37. Rf2 Qd3 38. Bc5 Rc8)
37... hxg6 38. hxg6 fxg6 39. Rf2 Qxd5 40. Qa6 Ra8 41. Qc4 Qxc4 42. bxc4 Rc8 43.
Kc2 $15) (36. Qa4 $1 Qxa4 37. bxa4 Na3 (37... Nc7 38. Bb5 Nxd5 39. Bg1 (39. Re2
e4 $5)) (37... Nd4 38. Bb5 Ba3+ 39. Kd1 c2+ 40. Rxc2 Nxc2 41. Kxc2 $44) 38. Bb5
$11) 36... Bc5 $1 $19 37. Bxc5 Qf4+ 38. Kd1 (38. Be3 Qxe3+ 39. Kd1 Qxf3+) 38...
Qxh2 39. Be3 Nd4 40. Qc7 Qc2+ 0-1